|
|
แสดงรายละเอียดบรรณานุกรม |
|
|
Brief Record
: Get Marc (ISO 2709)
: E-mail record
: |
| LEADER 00000nama 2200000uu 4500 | |||
| 001 191689 | |||
| 003 ULIBM | |||
| 008 040531s2542 th m m a000 0 tha d | |||
| 041 tha | |||
| 050 K พ371ผส 2540 | |||
| 100 สวัสดิการสำนักนายกรัฐมนตรี | |||
| 245 พระราชบัญญัติข้อมูลข่าวสารของราชการ พ.ศ.2540 002 | |||
| 246 พรบ.ข้อมูลข่าวสาร - หนังสืออ้างอิง | |||
| 260 กรุงเทพฯ ทำเนียบรัฐบาล 2542 | |||
| 300 218 หน้า | |||
| 650 พระราชบัญญัติ - หนังสืออ้างอิง | |||
| 998 2005-05-09 | |||
| 999 ^aใช้งานได้ทุกระบบ | |||
| คุณยังไม่ได้ล็อกอิน คุณสามารถมีกิจกรรมร่วมกับเว็บไซต์ได้ แต่ต้องล็อกอินก่อน :: |
|
| ไม่มีไอเทมให้บริการ |
| ไม่มีไอเทมให้บริการ |
BibComment |
| คอมเมนท์ทรัพยากรรายการนี้ |
|
|